Fundamental Accounting Principles/ (Record no. 14223)

000 -LEADER
fixed length control field 00589nam a22001817a 4500
008 - FIXED-LENGTH DATA ELEMENTS--GENERAL INFORMATION
fixed length control field 160928b xxu||||| |||| 00| 0 eng d
020 ## - INTERNATIONAL STANDARD BOOK NUMBER
International Standard Book Number 9780070968288
050 ## - LIBRARY OF CONGRESS CALL NUMBER
Classification number HF 5635 .L343 2010
100 ## - MAIN ENTRY--PERSONAL NAME
Personal name Larson,Kermit D.
245 ## - TITLE STATEMENT
Title Fundamental Accounting Principles/
Statement of responsibility, etc. Kermit D. Larson and Tilly Jensen
250 ## - EDITION STATEMENT
Edition statement 13th ed.
260 ## - PUBLICATION, DISTRIBUTION, ETC. (IMPRINT)
Place of publication, distribution, etc. Canada:
Name of publisher, distributor, etc. McGraw Hill Ryerson,
Date of publication, distribution, etc. 2010
300 ## - PHYSICAL DESCRIPTION
Extent xxvii,581p. :
Other physical details ill. ;
500 ## - GENERAL NOTE
General note Includes references and index.
650 ## - SUBJECT ADDED ENTRY--TOPICAL TERM
Topical term or geographic name as entry element Accounting
General subdivision Textbooks
700 ## - ADDED ENTRY--PERSONAL NAME
Personal name Jensen, Tilly
942 ## - ADDED ENTRY ELEMENTS (KOHA)
Source of classification or shelving scheme
Koha item type Hard Covered Materials
Classification part HF 5635 .L343 2010
Koha issues (borrowed), all copies 4
Holdings
Withdrawn status Lost status Source of classification or shelving scheme Damaged status Not for loan Home library Current library Shelving location Date acquired Source of acquisition Total Checkouts Full call number Barcode Date last seen Date last checked out Price effective from Koha item type
          MACHAKOS UNIVERSITY LIBRARY MACHAKOS UNIVERSITY LIBRARY Technical section 28/09/2016 Donation (BFA) 3 HF 5635 .L343 2010 26132 19/09/2025 04/09/2025 28/09/2016 Hard Covered Materials
          MACHAKOS UNIVERSITY LIBRARY MACHAKOS UNIVERSITY LIBRARY Open shelf 28/09/2016 Donation (BFA) 2 HF 5635 .L343 2010 26110 06/06/2019 01/12/2017 28/09/2016 Hard Covered Materials
© Machakos University Library, Along The Highway, Machakos Wote Rd, Machakos, Kenya P.O. Box 136 - 90100 Machakos - Kenya

Tel: ( +254 ) 723 805829 OR Fax : 044-20353 OR Email: library@mksu.ac.ke